| 000 | 00438nam a2200145 i 4500 | ||
|---|---|---|---|
| 001 | 94158 | ||
| 003 | ES-MaACL | ||
| 005 | 20230906181420.0 | ||
| 007 | t| | ||
| 008 | 050628s1924 sp ||||1| spa d | ||
| 245 | 0 | 0 |
_aEscuela General y Técnica de Melilla _b: memoria del curso académico de 1923 a 1924. |
| 260 |
_aMelilla : _bLa Hispana, _c1924. |
||
| 710 | 2 |
_aEscuela General y Técnica de Melilla. _93570 |
|
| 852 |
_aES-MaACL _j1702-F-7 |
||
| 999 |
_c94158 _d94158 |
||